El desarrollo del niño pequeño
Guardat en:
| Autors principals: | , |
|---|---|
| Format: | Llibre |
| Idioma: | espanyol |
| Publicat: |
Buenos Aires
Paidós
1966
|
| Col·lecció: | Biblioteca de psicología evolutiva, 5
|
| Matèries: | |
| Etiquetes: |
Afegir etiqueta
Sense etiquetes, Sigues el primer a etiquetar aquest registre!
|
MARC
| LEADER | 00000nam a2200000 a 4500 | ||
|---|---|---|---|
| 001 | UCY5661 | ||
| 003 | CL-VaPUC | ||
| 008 | 950512e19660000AG |||||||||||||||||spa|d | ||
| 082 | 0 | 4 | |a 155.413 |b BUH |2 21 |
| 100 | |a Buhler, Charlotte |e author |9 327574 | ||
| 700 | 0 | |a Jones, H. E |e author |9 334706 | |
| 245 | 1 | 3 | |a El desarrollo del niño pequeño |
| 300 | |a 214 p | ||
| 942 | |c BK | ||
| 945 | |d 19950512 00:00:00 |a mfernand | ||
| 260 | |a Buenos Aires |b Paidós |c 1966 | ||
| 650 | 0 | |a Psicología del niño |9 307305 | |
| 650 | 7 | |a DESARROLLO FISIOLOGICO |2 CL-VaPUC |9 312423 | |
| 650 | 0 | |a Desarrollo motor |9 313002 | |
| 650 | 0 | |a Desarrollo mental |9 313003 | |
| 650 | 0 | |a Pruebas psicológicas |9 307459 | |
| 650 | 0 | |a Comportamiento |9 308406 | |
| 650 | 0 | |a Psicología del desarrollo |9 307541 | |
| 583 | |a last modification |c 19950512 00:00:00 |k Rodrigo Vera | ||
| 490 | 0 | |a Biblioteca de psicología evolutiva, 5 | |
| 999 | |c 233293 |d 233291 | ||
| 952 | |0 0 |1 0 |4 0 |6 155_413000000000000_BUH_1966 |7 0 |8 P |9 238714 |a BIBEDU |b BIBEDU |c BIBEDU_PB |d 2019-11-18 |i 1503677 |o 155.413 BUH 1966 |p 1503677 |r 2024-01-25 |w 2019-11-18 |y BK |k EDU | ||